000 00400nam a22001697a 4500
005 20160614104216.0
008 160614b xxu||||| |||| 00| 0 eng d
020 _a978-0-143-06-866-2
041 _aeng
082 _b7337
100 _aWitzel, Morgon
_91842
245 _aHow to be your own Mgt. Guru
260 _bPenguin India
_c2010
300 _a212
650 _aManagement
_9241
942 _cBK
999 _c2592
_d2591